Partitioning of semiflexible macromolecules into micropores

Salvato in:
Dettagli Bibliografici
Autore principale: Škrinárová, Zuzana (Autore)
Natura: Manoscritto Libro
Lingua:inglese
Pubblicazione: Bratislava : Ústav polymérov SAV v Bratislave, 2003
Edizione:Obháj.: 14.1.2004
Tags: Aggiungi Tag
Nessun Tag, puoi essere il primo ad aggiungerne!!

MARC

LEADER 00000ntm a22000003a 4500
001 stu87561
005 20150617225630.6
008 040608s2003----xo------------------eng-d
040 |a STU  |b slo 
041 0 |a eng 
044 |a xo 
080 |a 541.6(043.3) 
100 1 |a Škrinárová, Zuzana  |4 aut 
245 1 |a Partitioning of semiflexible macromolecules into micropores 
250 |a Obháj.: 14.1.2004 
260 |a Bratislava :  |b Ústav polymérov SAV v Bratislave,  |c 2003 
300 |a 117 s. Grafy lit 
500 |a STU FCHPT 
996 |b 284C030374  |c C*KD544  |l CCI  |s A  |a 24  |w stu87561_0001